000 00406pab a2200157 454500
008 180718b2005 xxu||||| |||| 00| 0 eng d
100 _aAkerlof, George A.
245 _aIdentity and the economics of organizations
260 _c2005
300 _ap.9-32.
362 _aWinter
650 _aOrganizations
700 _aKranton, Rachel E.
773 _aJournal of Economic Perspectives
909 _a64582
999 _c64582
_d64582